|
|
|
|
| LEADER |
00000cam a2200000 7i4500 |
| 001 |
0000001818 |
| 005 |
20020128.0 |
| 020 |
0 |
0 |
|a 9798316363
|
| 090 |
0 |
0 |
|a R580
|b PLA 1997
|
| 245 |
0 |
0 |
|a PLANT resources of South-East Asia bibliography 11 :
|b auxiliary plants
|c Sarkat Danimihardja and Djunaedi Gandawidjaja (editors)
|
| 260 |
0 |
0 |
|a Bogor, Indonesia :
|b PROSEA ,
|c 1997
|
| 300 |
|
|
|a 370 p. ;
|c 26 cm.
|
| 500 |
0 |
0 |
|a Includes index
|
| 650 |
0 |
0 |
|a Botany, Economic
|z Asia, Southeastern
|
| 650 |
0 |
0 |
|a Plants
|z Asia, Southeastern
|x Bibliography
|
| 700 |
0 |
1 |
|a Danimihardja
|h Sarkat
|
| 700 |
0 |
1 |
|a Gandawidjaja
|h Djunaedi
|
| 998 |
|
|
|a JPSM
|
| 999 |
|
|
|a 0000002857
|b Monograph
|c Reference
|e Default branch
|